ბათუმის შოთა რუსთაველის სახელმწიფო უნივერსიტეტის ბიბლიოთეკა

Врач. №11. Ноябрь 2017 (ბიბ.ჩანაწერი № 54920)

000 -LEADER
fixed length control field 00608nam a2200181Ia 4500
001 - CONTROL NUMBER
control field 21991
003 - CONTROL NUMBER IDENTIFIER
control field GE_BSU
008 - FIXED-LENGTH DATA ELEMENTS--GENERAL INFORMATION
fixed length control field 181216s||||||||xx |||||||||||||| ||und||
040 ## - CATALOGING SOURCE
Transcribing agency GE_BSU
245 ## - TITLE STATEMENT
Title Врач. №11. Ноябрь 2017
245 ## - TITLE STATEMENT
Remainder of title Ежемесячный научно-практический журнал
245 ## - TITLE STATEMENT
Statement of responsibility, etc. Гл.ред. Денисов И.Н. и др,
653 ## - INDEX TERM--UNCONTROLLED
Uncontrolled term Врач. №11. Ноябрь 2017
653 ## - INDEX TERM--UNCONTROLLED
Uncontrolled term ежемесячный научно-практический журнал
653 ## - INDEX TERM--UNCONTROLLED
Uncontrolled term Периодика
653 ## - INDEX TERM--UNCONTROLLED
Uncontrolled term პერიოდიკა
942 ## - ADDED ENTRY ELEMENTS (KOHA)
Koha item type პერიოდიკა

არაა ხელმისაწვდომი ეგზემპლარები.